[Event "Katowice POL-HUN 10th"]
[Site "Katowice"]
[Date "2023.09.10"]
[Round "9"]
[White "Kubicka, Anna"]
[Black "Liskiewicz, Jakub"]
[Result "1-0"]
[WhiteElo "2284"]
[BlackElo "1801"]
[PlyCount "161"]
[EventDate "2023.09.09"]
[EventType "swiss (rapid)"]
[EventRounds "9"]
[EventCountry "POL"]
[SourceTitle "EXT 2024"]
[Source "ChessBase"]
[SourceDate "2023.10.10"]
[SourceVersion "1"]
[SourceVersionDate "2023.10.10"]
[SourceQuality "1"]

1. e4 g6 2. d4 Bg7 3. Nf3 d6 4. Nc3 Nf6 5. h3 0-0 6. Be2 Nc6 7. Be3 e5 8. 0-0 Nd7 9. Qd2 f5 10. exf5 gxf5 11. dxe5 dxe5 12. Bc4+ Kh8 13. Bh6 e4 14. Bxg7+ Kxg7 15. Ng5 Nde5 16. Bd5 h6 17. Ngxe4 fxe4 18. Nxe4 Bxh3 19. Bxc6 Nf3+ 20. gxf3 Qxd2 21. Nxd2 Bxf1 22. Bxb7 Rab8 23. Be4 Ba6 24. b3 Rbd8 25. Nf1 Bxf1 26. Kxf1 Kf6 27. Ke2 Rh8 28. Rg1 Rdg8 29. Rg4 h5 30. Rf4+ Kg5 31. Rf5+ Kh6 32. Rf6+ Kg7 33. Rc6 h4 34. Rxc7+ Kf6 35. Rc6+ Ke7 36. f4 h3 37. f5 h2 38. f6+ Kd7 39. f7 Rf8 40. Ra6 h1Q 41. Rxa7+ Ke6 42. Bxh1 Rxh1 43. a4 Rc1 44. Kd2 Rf1 45. Ke3 Rc1 46. Kd3 Rd8+ 47. Kc3 Rc8+ 48. Kd3 Rd8+ 49. Kc3 Rf1 50. Kb4 Rb8+ 51. Ka3 Rxf2 52. c4 Rf3 53. Ka2 Rf2+ 54. Ka3 Rf3 55. f8Q Rbxf8 56. Rb7 Kd6 57. a5 Ra8 58. Ka4 Kc6 59. Rb6+ Kc7 60. b4 Rf1 61. Kb5 Rb1 62. c5 Ra7 63. a6 Rh1 64. Rc6+ Kd7 65. Rg6 Kc7 66. Rc6+ Kd7 67. Rb6 Kc7 68. Rg6 Rh4 69. Ka5 Rh1 70. b5 Ra1+ 71. Kb4 Rb1+ 72. Kc4 Rc1+ 73. Kd4 Rd1+ 74. Kc3 Ra8 75. b6+ Kd7 76. b7 Rh8 77. a7 Rh3+ 78. Kc2 Rf1 79. Rd6+ Ke7 80. a8Q Rf2+ 81. Rd2 1-0

[Event "POL-ch Rapid U18"]
[Site "Bydgoszcz"]
[Date "2023.08.30"]
[Round "8"]
[White "Liskiewicz, Jakub"]
[Black "Kania, Franciszek1111"]
[Result "0-1"]
[WhiteElo "1980"]
[BlackElo "1668"]
[PlyCount "90"]
[EventDate "2023.08.28"]
[EventType "swiss"]
[EventRounds "11"]
[EventCountry "POL"]
[SourceTitle "EXT 2024"]
[Source "ChessBase"]
[SourceDate "2023.10.10"]
[SourceVersion "1"]
[SourceVersionDate "2023.10.10"]
[SourceQuality "1"]

1. d4 Nf6 2. Bg5 d5 3. Bxf6 exf6 4. e3 Bd6 5. c4 c6 6. cxd5 cxd5 7. Nc3 Be6 8. Bd3 0-0 9. Nge2 Nd7 10. Qb3 Nb6 11. 0-0 Rc8 12. Rfc1 Qd7 13. Ng3 f5 14. Qc2 g6 15. Nge2 Nc4 16. Bxc4 Rxc4 17. b3 Rcc8 18. a4 g5 19. f4 h6 20. Qd3 Bb8 21. a5 Rc6 22. Na4 Rfc8 23. Nc5 Qe7 24. b4 b6 25. axb6 axb6 26. b5 R6c7 27. Na6 Rxc1+ 28. Rxc1 Rxc1+ 29. Nxc1 Bd6 30. Qc3 Bd7 31. fxg5 hxg5 32. Na2 Bxb5 33. N6b4 Bc4 34. Kh1 Qe4 35. Qc1 Qh4 36. Qg1 Qe4 37. Nc3 Qe6 38. Nc2 b5 39. Qb1 Qh6 40. h3 Qh5 41. Nb4 Qh4 42. Ncxd5 g4 43. Nf4 Qg3 44. Qxf5 Qe1+ 45. Kh2 g3# 0-1

[Event "Lazy Baltic Pearl op-A 19th"]
[Site "Lazy"]
[Date "2023.07.03"]
[Round "8"]
[White "Liskiewicz, Jakub"]
[Black "Bartlomowicz, Jakub"]
[Result "1/2-1/2"]
[WhiteElo "1970"]
[BlackElo "1649"]
[PlyCount "60"]
[EventDate "2023.06.26"]
[EventType "swiss"]
[EventRounds "9"]
[EventCountry "POL"]
[SourceTitle "EXT 2024"]
[Source "ChessBase"]
[SourceDate "2023.10.10"]
[SourceVersion "1"]
[SourceVersionDate "2023.10.10"]
[SourceQuality "1"]

1. d4 d5 2. c4 c6 3. Nc3 Nf6 4. Bf4 dxc4 5. e4 b5 6. Nf3 Bb7 7. Be2 e6 8. 0-0 Be7 9. Qc2 0-0 10. a4 a6 11. Rfd1 Nbd7 12. Rd2 h6 13. h3 Bb4 14. Ne5 Qe7 15. Nxd7 Nxd7 16. Bf3 e5 17. Bg3 exd4 18. Rxd4 Ne5 19. Be2 Rad8 20. Rad1 Rxd4 21. Rxd4 Re8 22. Kh2 f6 23. f4 Bxc3 24. bxc3 c5 25. Rd2 Nd3 26. axb5 axb5 27. Bxd3 cxd3 28. Qxd3 c4 29. Qb1 Bxe4 30. Qxb5 Bd3 1/2-1/2

[Event "POL-ch blitz"]
[Site "Suwalki"]
[Date "2022.09.24"]
[Round "10"]
[White "Weber, Robert"]
[Black "Liskiewicz, Jakub"]
[Result "1/2-1/2"]
[WhiteElo "2080"]
[BlackElo "1770"]
[PlyCount "38"]
[EventDate "2022.09.24"]
[EventType "swiss (blitz)"]
[EventRounds "15"]
[EventCountry "POL"]
[SourceTitle "CBM 210 Extra"]
[Source "ChessBase"]
[SourceDate "2022.11.30"]
[SourceVersion "1"]
[SourceVersionDate "2022.11.30"]
[SourceQuality "1"]

1. d4 Nf6 2. Nf3 g6 3. c4 Bg7 4. Nc3 0-0 5. e4 d6 6. Be2 Nbd7 7. 0-0 e5 8. Re1 a5 9. Bf1 exd4 10. Nxd4 Re8 11. Bg5 h6 12. Bh4 Nc5 13. f3 c6 14. Qd2 Qc7 15. Rad1 g5 16. Bf2 Rd8 17. Nf5 Bxf5 18. exf5 Qc8 19. Qc2 Qc7 1/2-1/2

[Event "Polanica Zdroj op-D 58th"]
[Site "Polanica Zdroj"]
[Date "2022.08.21"]
[Round "9"]
[White "Liskiewicz, Jakub"]
[Black "Galuszka, Kamil"]
[Result "0-1"]
[WhiteElo "1910"]
[BlackElo "1976"]
[PlyCount "66"]
[EventDate "2022.08.13"]
[EventType "swiss"]
[EventRounds "9"]
[EventCountry "POL"]
[SourceTitle "CBM 210 Extra"]
[Source "ChessBase"]
[SourceDate "2022.11.30"]
[SourceVersion "1"]
[SourceVersionDate "2022.11.30"]
[SourceQuality "1"]

1. d4 e6 2. c4 Nf6 3. Nc3 Bb4 4. e3 d5 5. Bd3 e5 6. dxe5 dxc4 7. Bxc4 Qxd1+ 8. Kxd1 Ng4 9. Nd5 Ba5 10. Ke2 c6 11. Nf4 Nxe5 12. Bb3 b6 13. f3 Ba6+ 14. Kf2 g5 15. Nfe2 Nd3+ 16. Kf1 Nxc1 17. Rxc1 Bd2 18. Rc2 Bxe3 19. g4 h5 20. Kg2 Nd7 21. Ng3 hxg4 22. fxg4 Nc5 23. Nf3 0-0-0 24. Ne5 Rhf8 25. Bc4 Bxc4 26. Nxc4 Bf4 27. Nf5 Kb7 28. Re1 Ne6 29. Nh6 Rh8 30. Nxf7 Rxh2+ 31. Kf3 Rd3+ 32. Re3 Rxe3+ 33. Nxe3 Nd4+ 0-1

[Event "Polanica Zdroj op-D 58th"]
[Site "Polanica Zdroj"]
[Date "2022.08.13"]
[Round "1"]
[White "Liskiewicz, Jakub"]
[Black "Rychlik, Michal"]
[Result "1/2-1/2"]
[WhiteElo "1910"]
[BlackElo "1354"]
[PlyCount "44"]
[EventDate "2022.08.13"]
[EventType "swiss"]
[EventRounds "9"]
[EventCountry "POL"]
[SourceTitle "CBM 210 Extra"]
[Source "ChessBase"]
[SourceDate "2022.11.30"]
[SourceVersion "1"]
[SourceVersionDate "2022.11.30"]
[SourceQuality "1"]

1. d4 d5 2. c4 c6 3. Nc3 Nf6 4. cxd5 cxd5 5. Bf4 Nc6 6. Nf3 Bf5 7. Qb3 Na5 8. Qa4+ Bd7 9. Qc2 Rc8 10. e3 e6 11. Bd3 Be7 12. 0-0 0-0 13. Ne5 a6 14. Qe2 b5 15. Qf3 Nc4 16. Nxc4 dxc4 17. Bc2 Bc6 18. Qh3 b4 19. Ne2 Be4 20. Rfc1 Qa5 21. Bxe4 Nxe4 22. Qf3 c3 1/2-1/2

[Event "Poronin Tatra Limba op"]
[Site "Poronin"]
[Date "2022.01.10"]
[Round "7"]
[White "Bartoszczuk, Adam"]
[Black "Liskiewicz, Jakub"]
[Result "1/2-1/2"]
[WhiteElo "1434"]
[BlackElo "1598"]
[PlyCount "26"]
[EventDate "2022.01.06"]
[EventType "swiss"]
[EventRounds "9"]
[EventCountry "POL"]
[SourceTitle "CBM 206 Extra"]
[Source "ChessBase"]
[SourceDate "2022.03.31"]
[SourceVersion "1"]
[SourceVersionDate "2022.03.31"]
[SourceQuality "1"]

1. e4 g6 2. d4 Bg7 3. Nc3 d6 4. f4 Nf6 5. Nf3 0-0 6. Bd3 Na6 7. a3 c5 8. d5 Nc7 9. 0-0 a6 10. a4 b6 11. Bc4 Rb8 12. e5 Nfe8 13. Qe2 Qd7 1/2-1/2

[Event "POL-ch U20"]
[Site "Pokrzywna"]
[Date "2020.12.04"]
[Round "7"]
[White "Wasik, Mateusz"]
[Black "Liskiewicz, Jakub"]
[Result "1-0"]
[WhiteElo "1765"]
[BlackElo "1504"]
[PlyCount "79"]
[EventDate "2020.11.30"]
[EventType "swiss"]
[EventRounds "9"]
[EventCountry "POL"]
[SourceTitle "CBM 199 Extra"]
[Source "ChessBase"]
[SourceDate "2021.01.31"]
[SourceVersion "1"]
[SourceVersionDate "2021.01.31"]
[SourceQuality "1"]

1. e4 d6 2. d4 Nf6 3. Nc3 g6 4. Nf3 Bg7 5. Be3 0-0 6. Qd2 c6 7. 0-0-0 b5 8. Bd3 Ng4 9. Bg5 b4 10. Nb1 c5 11. h3 Nf6 12. e5 c4 13. exf6 exf6 14. Bxc4 d5 15. Bb3 fxg5 16. Qxg5 Qxg5+ 17. Nxg5 Bb7 18. f4 Rc8 19. Rhe1 Kf8 20. Nxh7+ Kg8 21. Ng5 Bf6 22. Nd2 a5 23. Ba4 Bc6 24. Bxc6 Nxc6 25. Ndf3 Ra7 26. Kb1 Rac7 27. g4 Na7 28. Rd2 Nb5 29. Ne5 Bxg5 30. fxg5 Rc4 31. Nxc4 Rxc4 32. Re8+ Kg7 33. Ra8 Nxd4 34. Rxa5 Nf3 35. Rdxd5 Re4 36. Rd1 Re2 37. Rb5 Nd4 38. Rxb4 Nxc2 39. Rb7 Ne3 40. Rh1 1-0

[Event "POL-ch U20"]
[Site "Pokrzywna"]
[Date "2020.12.02"]
[Round "5"]
[White "Baum, Jonasz"]
[Black "Liskiewicz, Jakub"]
[Result "1-0"]
[WhiteElo "2308"]
[BlackElo "1504"]
[PlyCount "105"]
[EventDate "2020.11.30"]
[EventType "swiss"]
[EventRounds "9"]
[EventCountry "POL"]
[SourceTitle "CBM 199 Extra"]
[Source "ChessBase"]
[SourceDate "2021.01.31"]
[SourceVersion "1"]
[SourceVersionDate "2021.01.31"]
[SourceQuality "1"]

1. e4 d6 2. d4 Nf6 3. Nc3 g6 4. f3 Bg7 5. Be3 c6 6. Qd2 h5 7. Bd3 Nbd7 8. Nge2 Qc7 9. 0-0 0-0 10. Bh6 e5 11. Bc4 Qb6 12. Bxg7 Kxg7 13. a3 Re8 14. Kh1 Nf8 15. d5 c5 16. Nd1 a5 17. a4 Qb4 18. Qd3 Qb6 19. Bb5 Bd7 20. Ne3 Bxb5 21. Qxb5 Qc7 22. Nc4 Reb8 23. Nc3 Qe7 24. Qb3 h4 25. Nb5 Ra6 26. Qc3 Qd8 27. Rae1 Nh5 28. f4 f6 29. Nbxd6 Nxf4 30. Nb5 Nd7 31. Nxe5 Nxd5 32. exd5 Nxe5 33. d6 Rxd6 34. Nxd6 Qxd6 35. Rd1 Qc6 36. h3 b6 37. b3 Rh8 38. Qd2 Rf8 39. Qd5 Qc7 40. Qe6 Rf7 41. Rd6 Nd7 42. Rfd1 Nf8 43. Qc4 g5 44. Qb5 Qe7 45. Qxb6 Qe2 46. Qxc5 Ng6 47. Qc4 Qf2 48. R6d2 Qg3 49. Qd3 Qc7 50. Qf5 Nf4 51. Rd7 Qc6 52. Rxf7+ Kxf7 53. Qd7+ 1-0

[Event "POL-ch U20"]
[Site "Pokrzywna"]
[Date "2020.11.30"]
[Round "2"]
[White "Liskiewicz, Jakub"]
[Black "Dzwierzynski, Bartosz"]
[Result "0-1"]
[WhiteElo "1504"]
[BlackElo "1939"]
[PlyCount "70"]
[EventDate "2020.11.30"]
[EventType "swiss"]
[EventRounds "9"]
[EventCountry "POL"]
[SourceTitle "CBM 199 Extra"]
[Source "ChessBase"]
[SourceDate "2021.01.31"]
[SourceVersion "1"]
[SourceVersionDate "2021.01.31"]
[SourceQuality "1"]

1. d4 f5 2. Bg5 g6 3. c4 Bg7 4. e3 Nf6 5. Nc3 0-0 6. Be2 e6 7. h4 h6 8. Bf4 d6 9. Qc2 Nc6 10. Nf3 Qe8 11. d5 e5 12. dxc6 exf4 13. exf4 bxc6 14. 0-0 Ne4 15. Rfe1 Nxc3 16. bxc3 c5 17. Rab1 Bd7 18. Nd2 Qd8 19. Bf3 Rc8 20. h5 g5 21. fxg5 hxg5 22. Rb7 a5 23. Qd3 g4 24. Bd5+ Kh8 25. Nf1 Re8 26. Rxe8+ Qxe8 27. Qe3 Qxe3 28. Nxe3 Bxc3 29. Bf7 Be5 30. Nd5 g3 31. Ne7 gxf2+ 32. Kf1 Rd8 33. Bg6 Be6 34. Nd5 c6 35. Rh7+ Kg8 0-1